LIBRARY & INFORMATION CENTRE, KCAET, TAVANUR

ONLINE PUBLIC ACCESS CATALOGUE (OPAC)

ലോഹപ്പണി (Record no. 15499)

MARC details
000 -LEADER
fixed length control field 00354nam a22001337a 4500
003 - CONTROL NUMBER IDENTIFIER
control field OSt
008 - FIXED-LENGTH DATA ELEMENTS--GENERAL INFORMATION
fixed length control field 180810b ||||| |||| 00| 0 eng d
082 ## - DEWEY DECIMAL CLASSIFICATION NUMBER
Classification number 671
Item number GRA/LO
100 ## - MAIN ENTRY--AUTHOR NAME
Personal name Graff, Heinz
245 ## - TITLE STATEMENT
Title ലോഹപ്പണി
260 ## - PUBLICATION, DISTRIBUTION, ETC. (IMPRINT)
Place of publication Thiruvananthapuram
Name of publisher Kerala Bhasha Institute
Year of publication 1972
700 ## - ADDED ENTRY--PERSONAL NAME
Personal name Babu Baradwaj Tr.
942 ## - ADDED ENTRY ELEMENTS (KOHA)
Koha item type Books

No items available.

free website counter